[Event "chess.com Speed 2019"]
[Site "chess.com INT"]
[Date "2019.10.03"]
[Round "1.22"]
[White "Firouzja, Alireza"]
[Black "Aronian, Levon"]
[Result "1-0"]
[WhiteTitle "GM"]
[BlackTitle "GM"]
[WhiteElo "2702"]
[BlackElo "2758"]
[WhiteFideId "12573981"]
[BlackFideId "13300474"]
[EventDate "2019.09.02"]

1. d4 Nf6 2. Nf3 e6 3. c4 d5 4. Nc3 dxc4 5. e4 Bb4 6. Bg5 c5 7. Bxc4 h6 8. Bxf6
Qxf6 9. O-O O-O 10. e5 Qe7 11. Ne4 cxd4 12. Qe2 Bd7 13. Rfd1 Bc6 14. Nxd4 Bxe4
15. Qxe4 Bc5 16. Bd3 g6 17. Nf3 Nc6 18. h4 h5 19. g4 f5 20. exf6 Qxf6 21. Kg2
Nd4 22. Nxd4 Bxd4 23. f3 hxg4 24. Qxg4 e5 25. Bxg6 Rad8 26. Rac1 Qf4 27. Qh5 Rd7
28. Be4 Rg7+ 29. Kh1 Qg3 30. Bd5+ Rff7 31. Rc8# 1-0

[Event "chess.com Speed 2019"]
[Site "chess.com INT"]
[Date "2019.10.03"]
[Round "1.23"]
[White "Aronian, Levon"]
[Black "Firouzja, Alireza"]
[Result "0-1"]
[WhiteTitle "GM"]
[BlackTitle "GM"]
[WhiteElo "2758"]
[BlackElo "2702"]
[WhiteFideId "13300474"]
[BlackFideId "12573981"]
[EventDate "2019.09.02"]

1. c4 Nf6 2. Nc3 e5 3. Nf3 Nc6 4. e3 Bb4 5. Qc2 d6 6. Be2 O-O 7. O-O Bxc3 8.
Qxc3 Ne4 9. Qc2 f5 10. d4 Qe7 11. b3 g5 12. dxe5 dxe5 13. Nd2 Nb4 14. Qb2 Nf6
15. Qc3 c5 16. Bb2 Nc6 17. Rae1 g4 18. f3 h5 19. f4 e4 20. h4 g3 21. Nf3 exf3
22. Rxf3 Kh7 23. Rxg3 Ng4 24. e4 Nd4 25. exf5 Qxe2 26. Kh1 Qf2 27. Re7+ Kh6 0-1

[Event "chess.com Speed 2019"]
[Site "chess.com INT"]
[Date "2019.10.03"]
[Round "1.24"]
[White "Firouzja, Alireza"]
[Black "Aronian, Levon"]
[Result "1-0"]
[WhiteTitle "GM"]
[BlackTitle "GM"]
[WhiteElo "2702"]
[BlackElo "2758"]
[WhiteFideId "12573981"]
[BlackFideId "13300474"]
[EventDate "2019.09.02"]

1. d4 Nf6 2. c4 e6 3. Nf3 d5 4. Nc3 Be7 5. Bg5 h6 6. Bxf6 Bxf6 7. Qc2 dxc4 8. e3
c5 9. dxc5 Qa5 10. Bxc4 Nd7 11. O-O Bxc3 12. bxc3 Qxc5 13. Bd3 O-O 14. Rad1 Nf6
15. Qb2 b6 16. Qb4 Qc7 17. Nd4 Bb7 18. Nb5 Qc6 19. f3 Rfd8 20. e4 a6 21. Nd4 Qc7
22. a4 Rac8 23. Be2 Nd7 24. Rc1 Ne5 25. Rfd1 g5 26. Kh1 Qc5 27. Qb2 Rd6 28. a5
b5 29. c4 b4 30. Nb3 Rxd1+ 31. Rxd1 Qc7 32. c5 Rd8 33. Rxd8+ Qxd8 34. Qxe5 1-0

[Event "chess.com Speed 2019"]
[Site "chess.com INT"]
[Date "2019.10.03"]
[Round "1.25"]
[White "Aronian, Levon"]
[Black "Firouzja, Alireza"]
[Result "1/2-1/2"]
[WhiteTitle "GM"]
[BlackTitle "GM"]
[WhiteElo "2758"]
[BlackElo "2702"]
[WhiteFideId "13300474"]
[BlackFideId "12573981"]
[EventDate "2019.09.02"]

1. c4 Nf6 2. Nc3 e5 3. Nf3 Nc6 4. d3 d5 5. cxd5 Nxd5 6. e4 Nb6 7. Be2 Be7 8. O-O
O-O 9. Be3 Be6 10. a3 Bf6 11. Rc1 Nd4 12. Bxd4 exd4 13. Na4 Nxa4 14. Qxa4 b6 15.
Nd2 c5 16. f4 g6 17. Qd1 Rc8 18. Bg4 Qe7 19. Bxe6 Qxe6 20. Qf3 b5 21. e5 Be7 22.
f5 Qxe5 23. Rce1 Qf6 24. Qh3 Rce8 25. Ne4 Qh4 26. Qxh4 Bxh4 27. g3 Bd8 28. Nxc5
Bg5 29. Kg2 Rxe1 30. Rxe1 Rc8 31. b4 Be3 32. g4 gxf5 33. gxf5 Kg7 34. Kf3 Kf6
35. Ke4 Re8+ 36. Kd5 Kxf5 37. Kc6 Kg4 38. Kxb5 f5 39. Ka6 f4 40. Kxa7 f3 41. b5
Re7+ 42. Ka6 Bf4 43. Rf1 Bxh2 44. b6 h5 45. Ne4 h4 46. a4 h3 47. a5 Bf4 48. Nf2+
Kg3 49. Nxh3 Bd2 50. b7 Re8 51. Ka7 Bxa5 52. b8=Q+ Rxb8 53. Kxb8 Bd2 54. Ng1 f2
55. Ne2+ Kg2 56. Rxf2+ Kxf2 57. Nxd4 Ke3 58. Ne6 Kxd3 1/2-1/2

[Event "chess.com Speed 2019"]
[Site "chess.com INT"]
[Date "2019.10.03"]
[Round "1.26"]
[White "Firouzja, Alireza"]
[Black "Aronian, Levon"]
[Result "1-0"]
[WhiteTitle "GM"]
[BlackTitle "GM"]
[WhiteElo "2702"]
[BlackElo "2758"]
[WhiteFideId "12573981"]
[BlackFideId "13300474"]
[EventDate "2019.09.02"]

1. e4 e5 2. Nf3 Nc6 3. Bb5 a6 4. Ba4 Nf6 5. O-O Be7 6. Bxc6 dxc6 7. d3 Qd6 8.
Nbd2 Be6 9. Ng5 Bg4 10. Qe1 Nd7 11. Ngf3 Qg6 12. Kh1 h5 13. b3 O-O-O 14. Bb2 f6
15. d4 Bb4 16. c3 Bd6 17. Nh4 Qh7 18. Nc4 g5 19. Nf3 Bxf3 20. gxf3 f5 21. Rd1 g4
22. f4 exf4 23. e5 Be7 24. Bc1 f3 25. Bf4 Nf8 26. e6 Ng6 27. Be5 Rhe8 28. Qe3
Qg8 29. d5 cxd5 30. Qa7 Qxe6 31. Qa8+ Kd7 32. Qxb7 Nxe5 33. Rxd5+ Qxd5 34. Qxd5+
Bd6 35. Rd1 Re6 36. Nxe5+ Ke7 37. Nc6+ 1-0

[Event "chess.com Speed 2019"]
[Site "chess.com INT"]
[Date "2019.11.14"]
[Round "2.1"]
[White "Aronian, Levon"]
[Black "Artemiev, Vladislav"]
[Result "1-0"]
[WhiteTitle "GM"]
[BlackTitle "GM"]
[WhiteElo "2758"]
[BlackElo "2746"]
[WhiteFideId "13300474"]
[BlackFideId "24101605"]
[EventDate "2019.09.02"]

1. e4 c5 2. Nf3 d6 3. d4 cxd4 4. Nxd4 Nf6 5. Nc3 a6 6. f3 Nc6 7. Be3 e6 8. Qd2
Be7 9. g4 O-O 10. g5 Nd7 11. h4 Nde5 12. Be2 Nxd4 13. Qxd4 b5 14. O-O-O Qa5 15.
a3 Rb8 16. Na2 Nc6 17. Qc3 Bb7 18. Qxa5 Nxa5 19. Bb6 Nc4 20. Bxc4 bxc4 21. Bc7
d5 22. Bxb8 Rxb8 23. Nc3 dxe4 24. Rd7 Kf8 25. Nxe4 c3 26. Nxc3 Bxf3 27. Rf1 Bg2
28. Rf4 Ke8 29. Ra7 Bb7 30. Rc4 Kd8 31. Ne4 f5 32. gxf6 gxf6 33. Nc5 Bxc5 34.
Rxc5 f5 35. b4 Kd7 36. a4 Kd6 37. Rc4 e5 38. b5 axb5 39. axb5 f4 40. Kd2 Bd5 41.
Ra6+ Ke7 42. Rc7+ Kf8 43. c4 Be4 44. Rf6+ Kg8 45. Re6 f3 46. Ke3 Rf8 47. Kf2 Rd8
48. Rxe5 Rd2+ 49. Kg3 Rg2+ 50. Kf4 Kf8 51. Kxe4 Re2+ 52. Kxf3 1-0

[Event "chess.com Speed 2019"]
[Site "chess.com INT"]
[Date "2019.11.14"]
[Round "2.2"]
[White "Artemiev, Vladislav"]
[Black "Aronian, Levon"]
[Result "1/2-1/2"]
[WhiteTitle "GM"]
[BlackTitle "GM"]
[WhiteElo "2746"]
[BlackElo "2758"]
[WhiteFideId "24101605"]
[BlackFideId "13300474"]
[EventDate "2019.09.02"]

1. Nf3 d5 2. e3 Nf6 3. c4 e6 4. Nc3 dxc4 5. Bxc4 a6 6. b3 b5 7. Be2 Bb7 8. Bb2
Nbd7 9. O-O Bd6 10. a4 b4 11. Nb1 c5 12. d3 O-O 13. Nbd2 Qc7 14. Rc1 Rac8 15.
Qc2 Qb8 16. Qb1 Ng4 17. h3 Nh2 18. Rfd1 Nxf3+ 19. Bxf3 Bd5 20. Bxd5 exd5 21. d4
Rfd8 22. Qf5 Qb7 23. dxc5 Nxc5 24. Rc2 Qd7 25. Qxd7 Rxd7 26. Nf3 Rdc7 27. Rxd5
Nxb3 28. Rxc7 Bxc7 29. Kf1 f6 30. Ke2 Bb6 31. Nd4 Nxd4+ 32. Bxd4 b3 33. Bb2 Rc2+
34. Rd2 Rc4 35. Rd3 Rc2+ 36. Rd2 Rc4 37. Rd3 1/2-1/2

[Event "chess.com Speed 2019"]
[Site "chess.com INT"]
[Date "2019.11.14"]
[Round "2.3"]
[White "Aronian, Levon"]
[Black "Artemiev, Vladislav"]
[Result "1/2-1/2"]
[WhiteTitle "GM"]
[BlackTitle "GM"]
[WhiteElo "2758"]
[BlackElo "2746"]
[WhiteFideId "13300474"]
[BlackFideId "24101605"]
[EventDate "2019.09.02"]

1. e4 c5 2. Nf3 a6 3. c3 d5 4. exd5 Qxd5 5. d4 Bg4 6. dxc5 Qxc5 7. Be3 Qc7 8.
Qa4+ Bd7 9. Qf4 Qxf4 10. Bxf4 Nc6 11. Nbd2 Nf6 12. Nc4 Nd5 13. Bg3 g6 14. Rd1
Be6 15. Ng5 Bg7 16. Nxe6 fxe6 17. Be2 Kf7 18. Bf3 Rad8 19. O-O b5 20. Ne3 Nxe3
21. fxe3 Rxd1 22. Bxd1+ Bf6 23. Bb3 Rd8 24. e4 Kg7 25. Rd1 Rxd1+ 26. Bxd1 Bg5
27. Be1 Kf6 28. a4 bxa4 29. Bxa4 Ne5 30. Bc2 a5 31. b3 Be3+ 32. Kf1 g5 33. Ke2
Bb6 34. Bd3 h6 35. Bb5 Nf7 36. Bg3 Bc5 37. Bc7 Bd6 38. Bxa5 Bxh2 39. b4 Be5 40.
Kd3 h5 41. Be8 h4 42. Bxf7 Kxf7 43. c4 g4 44. Ke2 Bc3 45. c5 e5 46. c6 Ke6 47.
Kf1 Kd6 48. c7 Kd7 49. Ke2 e6 50. Kf1 Kc8 51. Ke2 Kb7 52. Kf1 Kc8 53. Ke2 Kb7
54. Kf1 Kc8 1/2-1/2

[Event "chess.com Speed 2019"]
[Site "chess.com INT"]
[Date "2019.11.14"]
[Round "2.4"]
[White "Artemiev, Vladislav"]
[Black "Aronian, Levon"]
[Result "0-1"]
[WhiteTitle "GM"]
[BlackTitle "GM"]
[WhiteElo "2746"]
[BlackElo "2758"]
[WhiteFideId "24101605"]
[BlackFideId "13300474"]
[EventDate "2019.09.02"]

1. d4 Nf6 2. Nc3 d5 3. Bf4 c5 4. e3 cxd4 5. exd4 a6 6. Nf3 Bg4 7. h3 Bxf3 8.
Qxf3 Nc6 9. O-O-O e6 10. g4 Rc8 11. g5 Nd7 12. h4 Qb6 13. Qe3 Bb4 14. Nxd5 Qa5
15. Bc4 O-O 16. Nf6+ gxf6 17. gxf6 Kh8 18. Bh6 Nxf6 19. d5 Ng4 20. Rhg1 Rg8 21.
Qf4 Nce5 22. Bg5 Rxg5 23. Qxg5 h6 24. Qh5 Rxc4 25. Kb1 Bc3 26. dxe6 Qb4 27. Rd8+
Kg7 28. b3 Qa3 0-1

[Event "chess.com Speed 2019"]
[Site "chess.com INT"]
[Date "2019.11.14"]
[Round "2.5"]
[White "Aronian, Levon"]
[Black "Artemiev, Vladislav"]
[Result "1/2-1/2"]
[WhiteTitle "GM"]
[BlackTitle "GM"]
[WhiteElo "2758"]
[BlackElo "2746"]
[WhiteFideId "13300474"]
[BlackFideId "24101605"]
[EventDate "2019.09.02"]

1. e4 c5 2. Nf3 d6 3. d4 cxd4 4. Nxd4 Nf6 5. Nc3 a6 6. f3 Nc6 7. Be3 e6 8. Qd2
Be7 9. g4 O-O 10. g5 Nd7 11. h4 Nde5 12. Be2 b5 13. Nxc6 Nxc6 14. h5 Qa5 15. a3
b4 16. Na2 d5 17. axb4 Qc7 18. O-O-O d4 19. Bxd4 Nxd4 20. Qxd4 Bxg5+ 21. Kb1 Bf6
22. Qc5 Qb8 23. Qd6 Qa7 24. e5 Be7 25. Qd4 Qc7 26. Rhg1 Rd8 27. Qc3 Qb6 28. f4
Bb7 29. Qg3 Bf8 30. Bf3 Bxf3 31. Qxf3 a5 32. b5 Qxb5 33. Nc3 Qb4 34. Qe4 Rdb8
35. Qxb4 Rxb4 36. Rgf1 Rab8 37. b3 a4 38. Na2 R4b6 39. Nc1 Ba3 40. Rf3 Kf8 41.
Rdd3 Rc8 42. Ne2 Be7 43. Rc3 Ra8 44. Nd4 Rba6 45. Rc7 axb3 46. Nxb3 Rd8 47. f5
exf5 48. Rxf5 Rd1+ 49. Kb2 Ke8 50. c3 Rg1 51. Nd4 Rg2+ 52. Kb3 Ra3+ 53. Kc4 Rg3
54. Nb5 Ra4+ 55. Kd5 Rd3+ 56. Nd4 Rd1 57. Rc8+ Bd8 58. e6 Ra5+ 59. Kc6 Rxf5 60.
Nxf5 fxe6 61. Nxg7+ Ke7 62. h6 Rd6+ 63. Kb5 Rd5+ 64. Rc5 Rxc5+ 65. Kxc5 Bc7 66.
Nh5 Kf7 67. c4 Kg6 68. Ng7 e5 69. Kd5 Kxh6 70. Ne6 Bb8 71. c5 Kg6 72. c6 h5 73.
c7 Bxc7 74. Nxc7 h4 75. Ke4 h3 76. Kf3 e4+ 77. Kg3 e3 78. Nd5 e2 79. Nf4+ Kf5
80. Nxe2 h2 81. Kxh2 1/2-1/2

[Event "chess.com Speed 2019"]
[Site "chess.com INT"]
[Date "2019.11.14"]
[Round "2.6"]
[White "Artemiev, Vladislav"]
[Black "Aronian, Levon"]
[Result "0-1"]
[WhiteTitle "GM"]
[BlackTitle "GM"]
[WhiteElo "2746"]
[BlackElo "2758"]
[WhiteFideId "24101605"]
[BlackFideId "13300474"]
[EventDate "2019.09.02"]

1. e4 e5 2. Nc3 Nc6 3. g3 Bc5 4. Bg2 d6 5. Nge2 h5 6. h3 a6 7. d3 Be6 8. O-O Qd7
9. Kh2 Nge7 10. Nd5 Nd4 11. Nxd4 Bxd4 12. c3 Ba7 13. f4 f6 14. Nxe7 Qxe7 15. d4
O-O-O 16. Be3 d5 17. fxe5 fxe5 18. Qc1 Qd7 19. dxe5 d4 20. cxd4 Bxd4 21. Rd1 Qa4
22. b3 Qb4 23. Rxd4 Rxd4 24. a3 Qb6 25. Qc3 Rhd8 26. Rd1 Rxd1 27. Bxb6 R8d7 28.
Qc5 Rf7 29. Qc3 Rb1 30. b4 Rb3 31. Qc1 Kb8 32. Be3 Rd7 33. Qc5 b6 34. Qf8+ Kb7
35. Qe8 Rxe3 36. Qxe6 Rd2 37. Qf5 Ree2 38. Qf3 Kc6 39. Qc3+ Kb7 40. e6 Rxg2+ 41.
Kh1 Rh2+ 42. Kg1 Rdg2+ 43. Kf1 Ra2 44. Kg1 Rhg2+ 45. Kf1 Raf2+ 46. Ke1 Ra2 47.
Kf1 Rgf2+ 48. Ke1 Rh2 0-1

[Event "chess.com Speed 2019"]
[Site "chess.com INT"]
[Date "2019.11.14"]
[Round "2.7"]
[White "Aronian, Levon"]
[Black "Artemiev, Vladislav"]
[Result "0-1"]
[WhiteTitle "GM"]
[BlackTitle "GM"]
[WhiteElo "2758"]
[BlackElo "2746"]
[WhiteFideId "13300474"]
[BlackFideId "24101605"]
[EventDate "2019.09.02"]

1. e4 c5 2. Nf3 d6 3. c3 Nf6 4. Be2 g6 5. O-O Bg7 6. d3 O-O 7. Re1 Nc6 8. Be3 b6
9. Nbd2 d5 10. h3 e5 11. Bg5 h6 12. exd5 Qxd5 13. Bxf6 Bxf6 14. Nh2 Bb7 15. Bf3
Qd7 16. Qa4 Rad8 17. Rad1 Bg7 18. Qh4 f5 19. Nc4 b5 20. Nd2 Kh7 21. Nb3 Qd6 22.
g4 fxg4 23. hxg4 Rf4 24. Be4 c4 25. Nc1 Rdf8 26. f3 Na5 27. Ne2 R4f7 28. Ng3 Bf6
29. Qh3 Bc8 30. Kg2 Qb6 31. Bd5 Rd7 32. Be4 Bg5 33. Nhf1 Rfd8 34. b4 cxb3 35.
axb3 Nxb3 36. d4 exd4 37. Bc2 Na5 38. Re5 d3 39. Bb1 Bf4 40. Re4 Qf6 41. Ne3 Bb7
42. g5 Qxg5 43. Ng4 Bxg3 44. Kxg3 Bxe4 45. f4 Qf5 46. Qxh6+ Kg8 47. Ba2+ Nc4 48.
Bxc4+ bxc4 49. Qh4 Kg7 50. Qh6+ Kf7 51. Qh7+ Ke6 52. Qh4 d2 53. Ne3 Rd3 0-1

[Event "chess.com Speed 2019"]
[Site "chess.com INT"]
[Date "2019.11.14"]
[Round "2.8"]
[White "Artemiev, Vladislav"]
[Black "Aronian, Levon"]
[Result "1-0"]
[WhiteTitle "GM"]
[BlackTitle "GM"]
[WhiteElo "2746"]
[BlackElo "2758"]
[WhiteFideId "24101605"]
[BlackFideId "13300474"]
[EventDate "2019.09.02"]

1. b3 d5 2. Bb2 Nf6 3. Nf3 e6 4. g3 Be7 5. Bg2 O-O 6. O-O c5 7. c4 Nc6 8. cxd5
Nxd5 9. Nc3 Bf6 10. Qb1 b6 11. Nxd5 exd5 12. d4 Ba6 13. Qd1 cxd4 14. Nxd4 Bxd4
15. Bxd4 Bxe2 16. Qxe2 Nxd4 17. Qd3 Qf6 18. Rad1 Ne6 19. Qxd5 Rac8 20. Qe4 Qb2
21. Qa4 a5 22. Bd5 Rc2 23. Qg4 Nc7 24. Be4 Rc5 25. Qf4 Qxa2 26. Qd6 Ne6 27. Qxb6
Qa3 28. Bd5 Qb4 29. Qxb4 axb4 30. Rfe1 Rc3 31. Re4 Rd8 32. Rxe6 fxe6 33. Bxe6+
Kf8 34. Rxd8+ Ke7 35. Rb8 Kxe6 36. Rxb4 g5 37. h4 1-0

[Event "chess.com Speed 2019"]
[Site "chess.com INT"]
[Date "2019.11.14"]
[Round "2.9"]
[White "Aronian, Levon"]
[Black "Artemiev, Vladislav"]
[Result "1-0"]
[WhiteTitle "GM"]
[BlackTitle "GM"]
[WhiteElo "2758"]
[BlackElo "2746"]
[WhiteFideId "13300474"]
[BlackFideId "24101605"]
[EventDate "2019.09.02"]

1. e4 c5 2. Nf3 d6 3. d4 cxd4 4. Nxd4 Nf6 5. Nc3 a6 6. Be3 Ng4 7. Bc1 Nc6 8. f3
Qb6 9. Nd5 Qxd4 10. Qxd4 Nxd4 11. Nc7+ Kd8 12. Nxa8 Nxc2+ 13. Kd2 Nxa1 14. fxg4
g6 15. h3 Bh6+ 16. Kd1 Bg7 17. Nb6 Be6 18. b3 Bd4 19. Nd5 Kd7 20. Bd3 Rc8 21.
Re1 Bxd5 22. exd5 Rc3 23. Be4 Nxb3 24. axb3 Rxb3 25. Re2 Be5 26. Ra2 Rb4 27. Bf3
Rd4+ 28. Kc2 Rc4+ 29. Kd1 Rd4+ 30. Rd2 Rc4 31. Rc2 Ra4 32. Be3 b5 33. Rc6 Ra1+
34. Kc2 f6 35. Be2 Ra2+ 36. Kd1 Ra1+ 37. Rc1 Ra3 38. Bb6 Ke8 39. Rc8+ Kf7 40.
Ra8 Ra1+ 41. Kd2 Ra2+ 42. Ke3 Ra3+ 43. Kd2 Ra2+ 44. Ke3 Ra3+ 45. Kf2 Bg3+ 46.
Kg1 Ra1+ 47. Bf1 f5 48. Ra7 fxg4 49. hxg4 h5 50. Bd8 Bh4 51. gxh5 gxh5 52. g3
Bf6 53. Kg2 Ra2+ 54. Kh3 Ra1 55. Be2 b4 56. Bxh5+ Kf8 57. Rb7 a5 58. Kg4 Rd1 59.
Rb5 b3 60. Rxb3 Rd4+ 61. Kh3 Rxd5 62. Bg4 Kg7 63. Rb7 a4 64. Bxe7 Bxe7 65. Rxe7+
Kf6 66. Ra7 Rd4 67. Bd7 d5 68. Rxa4 Rd1 69. Kg4 Ke5 70. Bb5 d4 71. Ra5 Ke4 72.
Bc6+ Ke3 73. Re5+ Kf2 74. Rf5+ Ke2 75. Bf3+ 1-0

[Event "chess.com Speed 2019"]
[Site "chess.com INT"]
[Date "2019.11.14"]
[Round "2.10"]
[White "Artemiev, Vladislav"]
[Black "Aronian, Levon"]
[Result "1-0"]
[WhiteTitle "GM"]
[BlackTitle "GM"]
[WhiteElo "2746"]
[BlackElo "2758"]
[WhiteFideId "24101605"]
[BlackFideId "13300474"]
[EventDate "2019.09.02"]

1. b3 Nf6 2. Bb2 d5 3. Nf3 e6 4. e3 Be7 5. d4 O-O 6. Bd3 b6 7. O-O Bb7 8. Nbd2
Nbd7 9. Qe2 Ne4 10. c4 Nxd2 11. Nxd2 a5 12. cxd5 exd5 13. Nf3 Re8 14. Rac1 Bd6
15. Qc2 g6 16. Ne5 Nf6 17. Bb5 Re6 18. Nc6 Bxh2+ 19. Kxh2 Ng4+ 20. Kg3 Qg5 21.
f4 Qh5 22. Ne5 Nxe3 23. Qxc7 g5 24. Rh1 gxf4+ 25. Kf2 Qf5 26. Bd3 Qf6 27. Qxb7
Rae8 28. Rc8 Rxc8 29. Qxc8+ 1-0

[Event "chess.com Speed 2019"]
[Site "chess.com INT"]
[Date "2019.11.14"]
[Round "2.11"]
[White "Aronian, Levon"]
[Black "Artemiev, Vladislav"]
[Result "0-1"]
[WhiteTitle "GM"]
[BlackTitle "GM"]
[WhiteElo "2758"]
[BlackElo "2746"]
[WhiteFideId "13300474"]
[BlackFideId "24101605"]
[EventDate "2019.09.02"]

1. d4 d5 2. Nf3 Nf6 3. c4 c6 4. Nc3 a6 5. cxd5 cxd5 6. Bf4 Nc6 7. e3 Nh5 8. Be5
e6 9. h3 Bd6 10. Bd3 f5 11. g4 Nf6 12. gxf5 exf5 13. Bxf6 Qxf6 14. Nxd5 Qd8 15.
Qb3 b5 16. Qc2 Bb4+ 17. Nc3 O-O 18. Rg1 Kh8 19. O-O-O Bb7 20. Kb1 Rc8 21. Ng5
Bxc3 22. Qxc3 Ne5 23. Qb3 Nxd3 24. Rxd3 Qe7 25. Ne6 Rf7 26. Nc5 Bf3 27. Rc3 Rff8
28. a3 Rce8 29. Nd3 Be4 30. Ka1 Bxd3 31. Rxd3 Qh4 32. Rg3 f4 33. Rf3 Qh5 34.
exf4 Re1+ 35. Ka2 Qg6 36. Rg3 Qd6 37. Rde3 Rf1 38. Qe6 Qxd4 39. Qe5 Qc4+ 40. Rb3
Rg8 41. Rc3 Qf7 42. Rc7 Qg6 43. Rg3 Qb1+ 44. Kb3 Qd1+ 45. Kb4 Qd2+ 46. Qc3 Qxf4+
47. Ka5 b4 48. axb4 Qf5+ 49. Qc5 Qf4 50. Rgxg7 Rxg7 0-1

[Event "chess.com Speed 2019"]
[Site "chess.com INT"]
[Date "2019.11.14"]
[Round "2.12"]
[White "Artemiev, Vladislav"]
[Black "Aronian, Levon"]
[Result "1-0"]
[WhiteTitle "GM"]
[BlackTitle "GM"]
[WhiteElo "2746"]
[BlackElo "2758"]
[WhiteFideId "24101605"]
[BlackFideId "13300474"]
[EventDate "2019.09.02"]

1. b3 Nf6 2. Bb2 g6 3. g3 Bg7 4. Bg2 O-O 5. Nf3 c5 6. c4 Nc6 7. O-O d5 8. cxd5
Nxd5 9. Bxg7 Kxg7 10. d4 cxd4 11. Nxd4 Nxd4 12. Qxd4+ Nf6 13. Qe5 a5 14. Nc3 Ra6
15. Rfd1 Qe8 16. Nd5 Re6 17. Qb2 Rd6 18. Rd3 Kg8 19. Nxf6+ Rxf6 20. Rc1 Bf5 21.
Rd2 Qb8 22. Qa3 Rd8 23. Qxa5 b6 24. Qb4 Rxd2 25. Qxd2 Rd6 26. Qe3 Qd8 27. h4 h5
28. Kh2 Bg4 29. Rc2 Bf5 30. Rc4 Bg4 31. a4 Rd2 32. Bf3 Bxf3 33. Qxf3 Qd6 34. Qc3
f6 35. Qe3 Rb2 36. Qh6 Kf7 37. Re4 f5 38. Qh7+ Kf6 39. Qh8+ Kf7 40. Rxe7+ Qxe7
41. Qxb2 f4 42. Qd2 fxg3+ 43. Kxg3 Qe6 44. Qf4+ Kg7 45. Qd4+ Kh7 46. Qc4 Qe5+
47. Kg2 Qf6 48. e3 Qd8 49. Qf7+ Kh6 50. Qf4+ Kh7 51. Qe4 Qd7 52. Kg3 Qd6+ 53. f4
Qd7 54. Kf2 Qh3 55. Qe7+ Kh6 56. Qg5+ Kh7 57. f5 gxf5 58. Qxh5+ Kg7 59. Qg5+ Kh7
60. b4 Qh2+ 61. Kf3 Qh1+ 62. Kf4 Qe4+ 63. Kg3 Qe5+ 64. Qf4 Qg7+ 65. Kh3 Qd7 66.
h5 Qd5 67. Kh4 Qh1+ 68. Kg5 Qg2+ 69. Kxf5 Qd5+ 70. Kf6 Qd8+ 71. Ke6 Qe8+ 72. Kd6
Qxa4 73. Qe4+ Kh8 74. Kc7 Qb5 75. h6 1-0

[Event "chess.com Speed 2019"]
[Site "chess.com INT"]
[Date "2019.11.14"]
[Round "2.13"]
[White "Aronian, Levon"]
[Black "Artemiev, Vladislav"]
[Result "0-1"]
[WhiteTitle "GM"]
[BlackTitle "GM"]
[WhiteElo "2758"]
[BlackElo "2746"]
[WhiteFideId "13300474"]
[BlackFideId "24101605"]
[EventDate "2019.09.02"]

1. e4 c6 2. Nf3 d5 3. d3 Bg4 4. h3 Bh5 5. Qe2 Nd7 6. Nc3 d4 7. g4 dxc3 8. gxh5
cxb2 9. Bxb2 Qa5+ 10. Nd2 Ngf6 11. h6 e6 12. hxg7 Bxg7 13. Rg1 Bh6 14. Bd4 O-O-O
15. Be3 Bxe3 16. Qxe3 Ne5 17. f4 Qc3 18. Rd1 Nc4 19. Qc5 Rd4 20. Kf2 Nb2 21.
Qxa7 Nxd1+ 22. Ke2 Qxc2 23. Qa8+ Kc7 24. Qa5+ Kd7 25. Ke1 Nc3 26. Nb3 Rxe4+ 27.
dxe4 Qd1+ 28. Kf2 Nfxe4+ 29. Ke3 Qe1+ 30. Kd3 Rd8 31. Kc2 Qf2+ 0-1

[Event "chess.com Speed 2019"]
[Site "chess.com INT"]
[Date "2019.11.14"]
[Round "2.14"]
[White "Artemiev, Vladislav"]
[Black "Aronian, Levon"]
[Result "1/2-1/2"]
[WhiteTitle "GM"]
[BlackTitle "GM"]
[WhiteElo "2746"]
[BlackElo "2758"]
[WhiteFideId "24101605"]
[BlackFideId "13300474"]
[EventDate "2019.09.02"]

1. d4 Nf6 2. c4 e6 3. Nf3 d5 4. Qc2 dxc4 5. Qxc4 a6 6. Bf4 Nd5 7. Bg5 Be7 8.
Bxe7 Qxe7 9. Nc3 Nb6 10. Qb3 Nc6 11. e3 e5 12. d5 Na5 13. Qc2 Nac4 14. Bxc4 Nxc4
15. Qa4+ b5 16. Nxb5 axb5 17. Qxb5+ Qd7 18. Qxc4 Ba6 19. Qc6 Qxc6 20. dxc6 f6
21. Kd2 O-O-O+ 22. Kc3 Rd6 23. b3 Rhd8 24. Rac1 Bb5 25. Rc2 Bxc6 26. Rd2 Bxf3
27. Rxd6 Rxd6 28. gxf3 Rc6+ 29. Kb2 Rd6 30. Kc2 Rc6+ 31. Kd3 Rd6+ 32. Ke2 Rc6
33. Rd1 Rc2+ 34. Rd2 Rc1 35. b4 Rh1 36. a4 Rxh2 37. b5 Rh4 38. e4 Rh1 39. Rb2
Ra1 40. b6 Rxa4 41. bxc7 Kxc7 42. Kf1 g5 43. Kg2 h5 44. Rc2+ Kd6 45. Rb2 Ra7 46.
Rb6+ Ke7 47. Rb8 Kf7 48. Rh8 Kg6 49. Rg8+ Rg7 50. Rh8 Rh7 51. Rg8+ Kh6 52. Rf8
Kg7 53. Rb8 Rh8 54. Rb7+ Kg6 55. Rc7 Ra8 56. Rd7 Ra4 57. Rd8 g4 58. fxg4 hxg4
59. Rg8+ Kh5 60. Rh8+ Kg5 61. Rg8+ Kf4 62. Rg6 Ra6 63. Rg8 Ra7 64. Rg6 Rf7 65.
Rg8 Kxe4 66. Rxg4+ Kd3 67. Ra4 e4 68. Ra3+ Kd4 69. Ra4+ Ke5 70. f3 f5 71. Kf2
Kf4 72. fxe4 fxe4 73. Ra3 Rh7 74. Ke2 Rh2+ 75. Ke1 Rh1+ 76. Ke2 Rb1 77. Rc3 Rb2+
78. Ke1 Rg2 79. Rb3 Rg1+ 80. Ke2 Rg2+ 81. Ke1 Rg3 82. Rxg3 Kxg3 83. Ke2 e3 84.
Kxe3 1/2-1/2

[Event "chess.com Speed 2019"]
[Site "chess.com INT"]
[Date "2019.11.14"]
[Round "2.15"]
[White "Aronian, Levon"]
[Black "Artemiev, Vladislav"]
[Result "0-1"]
[WhiteTitle "GM"]
[BlackTitle "GM"]
[WhiteElo "2758"]
[BlackElo "2746"]
[WhiteFideId "13300474"]
[BlackFideId "24101605"]
[EventDate "2019.09.02"]

1. e4 c6 2. Nf3 d5 3. d3 g6 4. Qe2 Bg7 5. g3 Qa5+ 6. Nbd2 Na6 7. Bg2 dxe4 8.
dxe4 Nb4 9. O-O Qa6 10. Qd1 Be6 11. Ng5 c5 12. a3 Nc6 13. Nxe6 fxe6 14. Nf3 Rd8
15. Qe1 Nf6 16. c3 O-O 17. Bh3 Kh8 18. Ng5 Ne5 19. f4 Nd3 20. Qe3 e5 21. Ne6
exf4 22. gxf4 Bh6 23. Nxd8 Rxd8 24. e5 Nh5 25. Qe4 Rf8 26. f5 Nxc1 27. Raxc1
Bxc1 28. Rxc1 gxf5 29. Bxf5 Qh6 30. Rf1 Rg8+ 31. Bg4 Qg5 32. h3 Ng3 33. Qxb7
Nxf1 34. Kxf1 h5 35. Bf3 Rf8 36. Ke2 Qxe5+ 37. Be4 Rb8 38. Qc6 Rxb2+ 39. Kd3
Qd6+ 0-1

[Event "chess.com Speed 2019"]
[Site "chess.com INT"]
[Date "2019.11.14"]
[Round "2.16"]
[White "Artemiev, Vladislav"]
[Black "Aronian, Levon"]
[Result "1-0"]
[WhiteTitle "GM"]
[BlackTitle "GM"]
[WhiteElo "2746"]
[BlackElo "2758"]
[WhiteFideId "24101605"]
[BlackFideId "13300474"]
[EventDate "2019.09.02"]

1. c4 Nf6 2. Nc3 e5 3. Nf3 Nc6 4. g3 Bb4 5. Bg2 O-O 6. O-O e4 7. Ne1 Bxc3 8.
bxc3 Re8 9. Nc2 d5 10. cxd5 Qxd5 11. Ne3 Qh5 12. Rb1 b6 13. f3 Bb7 14. fxe4 Nxe4
15. Qc2 Nd6 16. Ba3 Rad8 17. Rf2 Na5 18. Bxd6 Rxd6 19. Bxb7 Nxb7 20. Rbf1 Rd7
21. Nf5 Nc5 22. d3 g6 23. Nd4 f5 24. Qd2 Rde7 25. Qf4 Ne6 26. Nxe6 Rxe6 27. e4
fxe4 28. Qf7+ Kh8 29. Qxc7 Qc5 30. Qxc5 bxc5 31. dxe4 Rxe4 32. Rf7 Ra4 33. R1f2
Kg8 34. Rc7 Rf8 35. Rd2 Rc4 36. Rdd7 Re8 37. Rg7+ Kh8 38. Rxh7+ Kg8 39. Rcg7+
Kf8 40. Rxa7 Kg8 41. Rag7+ Kf8 42. Rxg6 Re2 43. Rb6 Kg8 44. Rc7 Re8 45. Rb5 Rxc3
46. Rbxc5 Ra3 47. Rc8 Rf8 1-0